English Literature its history and its Significance for the life of the english Speaking world (Record no. 10617)
[ view plain ]
| 000 -LEADER | |
|---|---|
| fixed length control field | 00440nam a22001577a 4500 |
| 003 - CONTROL NUMBER IDENTIFIER | |
| control field | OSt |
| 008 - FIXED-LENGTH DATA ELEMENTS--GENERAL INFORMATION | |
| fixed length control field | 210408b ||||| |||| 00| 0 eng d |
| 020 ## - INTERNATIONAL STANDARD BOOK NUMBER | |
| International Standard Book Number | 8174730257 |
| 082 ## - DEWEY DECIMAL CLASSIFICATION NUMBER | |
| Classification number | 428 LEE |
| 100 ## - MAIN ENTRY--PERSONAL NAME | |
| Personal name | LONG,William J |
| 245 ## - TITLE STATEMENT | |
| Title | English Literature its history and its Significance for the life of the english Speaking world |
| 260 ## - PUBLICATION, DISTRIBUTION, ETC. (IMPRINT) | |
| Place of publication, distribution, etc | New Delhi |
| Name of publisher, distributor, etc | AITBS Publishers |
| Date of publication, distribution, etc | 2021 |
| 300 ## - PHYSICAL DESCRIPTION | |
| Extent | 636 |
| 650 ## - SUBJECT ADDED ENTRY--TOPICAL TERM | |
| Topical term or geographic name as entry element | BAENGHON |
| 942 ## - ADDED ENTRY ELEMENTS (KOHA) | |
| Source of classification or shelving scheme | Dewey Decimal Classification |
| Koha item type | Text Books |
| 942 ## - ADDED ENTRY ELEMENTS (KOHA) | |
| -- | 15 |
| Withdrawn status | Lost status | Source of classification or shelving scheme | Damaged status | Not for loan | Collection code | Home library | Current library | Date acquired | Source of acquisition | Currency | Cost, normal purchase price | Bill Number | Total Checkouts | Full call number | Acc. no. / Barcode | Date last seen | Actual Cost, discounted price | Bill Date | Koha item type | Date last borrowed |
|---|---|---|---|---|---|---|---|---|---|---|---|---|---|---|---|---|---|---|---|---|
| Dewey Decimal Classification | B.A Hons. English | PIET NCR College Library | PIET NCR College Library | 03/04/2021 | Kirti Praskshan | IN Rupees | 299.00 | IN1981 | 428 LEE | N920 | 08/04/2021 | 194.35 | 03/04/2021 | Reference Books | ||||||
| Dewey Decimal Classification | B.A Hons. English | PIET NCR College Library | PIET NCR College Library | 03/04/2021 | Kirti Praskshan | IN Rupees | 299.00 | IN1981 | 5 | 428 LEE | N921 | 12/03/2024 | 194.35 | 03/04/2021 | Text Books | 28/02/2024 | ||||
| Dewey Decimal Classification | B.A Hons. English | PIET NCR College Library | PIET NCR College Library | 03/04/2021 | Kirti Praskshan | IN Rupees | 299.00 | IN1981 | 7 | 428 LEE | N922 | 18/03/2024 | 194.35 | 03/04/2021 | Text Books | 28/02/2024 | ||||
| Dewey Decimal Classification | B.A Hons. English | PIET NCR College Library | PIET NCR College Library | 03/04/2021 | Kirti Praskshan | IN Rupees | 299.00 | IN1981 | 3 | 428 LEE | N923 | 28/02/2024 | 194.35 | 03/04/2021 | Text Books | 23/02/2024 | ||||
| Dewey Decimal Classification | B.A Hons. English | PIET NCR College Library | PIET NCR College Library | 03/04/2021 | Kirti Praskshan | IN Rupees | 299.00 | IN1981 | 7 | 428 LEE | N924 | 17/10/2024 | 194.35 | 03/04/2021 | Text Books | 12/09/2024 |